000 00310nam a22000977a 4500
999 _c23711
_d23711
003 Nust
005 20170406122633.0
008 140101b xxu||||| |||| 00| 0 eng d
020 _a0471554928
_cAvailable
040 _aDLC
_bDLC
_cRCMS
082 _a658.5 KUS
_b002478
100 _aAndrew Kusiak
245 _aConcurrent Engineering Automation,Tools,and Techniques
260 _aCanada
_bJohn Wiley & Sons, Inc.
_cc1993.
300 _axviii, 589 p. :
_bill, ;
_c26 cm.
538 _iShelf # 12, Row # 2, System Engineering.
650 _aSystem Engineering
856 _3Table of Contents Only
942 _2ddc
_cBK
_k658.5 KUS